Fr. Conceicao Rodrigues College of Engineering

PL/SQL IN 21 DAYS (Record no. 33433)

MARC details
000 -LEADER
fixed length control field 00256nam a2200121Ia 4500
100 ## - MAIN ENTRY--PERSONAL NAME
Personal name JURES/ATWOOD
245 ## - TITLE STATEMENT
Title PL/SQL IN 21 DAYS
260 ## - PUBLICATION, DISTRIBUTION, ETC.
Name of publisher, distributor, etc. SAMS PUBLISHING
Place of publication, distribution, etc. New York
Date of publication, distribution, etc. 1997
300 ## - PHYSICAL DESCRIPTION
Extent 646
546 ## - LANGUAGE NOTE
Language note ENGLISH
650 ## - SUBJECT ADDED ENTRY--TOPICAL TERM
Topical term or geographic name entry element Computers
942 ## - ADDED ENTRY ELEMENTS (KOHA)
Koha item type BOOK
Holdings
Withdrawn status Lost status Damaged status Not for loan Collection Home library Current library Date acquired Total Checkouts Full call number Barcode Date last seen Price effective from Koha item type
        AFT Fr. Agnel's C.Rodrigues College of Engineering Fr. Agnel's C.Rodrigues College of Engineering 17/03/2023   AFT8036 17/03/2023   BOOK